| 000 | 00353nam a2200145Ia 4500 | ||
|---|---|---|---|
| 008 | 230917s9999||||xx |||||||||||||| ||und|| | ||
| 040 |
_e7060 _aMAIN |
||
| 041 | _aEnglish | ||
| 082 | _a155.6 F548M | ||
| 100 | _aFiske, Marjorie | ||
| 245 | 0 | _aMiddle age: The prime of life? | |
| 260 |
_aNew York _bHarper & Row _c1979 |
||
| 300 | _a128 p. | ||
| 942 | _cBK | ||
| 999 |
_c35628 _d35628 |
||